000 00540nam a22002057a 4500
003 BD-DhSAU
005 20230925122127.0
008 230621b2024 ii a|||| |||| 001 0 eng d
020 _a9789381617106
040 _aBD-DhSAU
082 _222
_a333.95616 Si643
100 _aSingh, Praveen kumar
245 _aMarine Ranching/
_c Praveen kumar Singh
260 _aNew Delhi:
_bBio-Green Books;
_c2012
300 _av, 272 p. :
_bill. ;
_c22 cm.
500 _aIncludes index.
590 _aRoy
650 _aRanching
942 _2ddc
_cBOOK
999 _c17042
_d17041